000 00731nam a2200205 a 4500
001 000034242
005 20200930070910.0
008 110928s1989 dr 000 0 spa d
040 _aDO-SdBNP
_bspa
_cBNPHU
041 1 7 _aspa
_2eng
100 1 _aHoppe, Jürgen.
_97822
245 1 4 _aLos parques nacionales de la Reppublica Dominicana =
_bThe national parks of the Dominican Republic /
_cJürgen Hoppe.
246 1 0 _aThe national parks of the Dominican Republic /
260 _aSanto Domingo :
_bFundación Barceló Proforesta,
_c1989.
300 _a137 p. :
_bil., retrs. ;
_c25 cm.
490 1 _aBarceló
_v1
500 _aTexto a tres columnas en los idiomas español y inglés
830 0 _aBarceló
_v1
_959659
049 _aBNPD
999 _c33733
_d33733